Catálogo
 En Linea

Diccionario teatral : (Registro nro. 48285)

Detalles MARC
000 -CABECERA
campo de control de longitud fija 01432nam a2200265 a 4500
001 - NÚMERO DE CONTROL
campo de control 000048797
005 - FECHA Y HORA DE LA ÚLTIMA TRANSACCIÓN
campo de control 20250204110419.0
008 - DATOS DE LONGITUD FIJA--INFORMACIÓN GENERAL
campo de control de longitud fija 190412s2019 dr ac 000 0 spa d
020 ## - NÚMERO INTERNACIONAL ESTÁNDAR DEL LIBRO
Número Internacional Estándar del Libro 9789945089936
040 ## - FUENTE DE LA CATALOGACIÓN
Centro catalogador/agencia de origen DO-SdBNP
Lengua de catalogación spa
Centro/agencia transcriptor BNPHU
082 ## - NÚMERO DE LA CLASIFICACIÓN DECIMAL DEWEY
Número de clasificación xxxx
Número de documento/Ítem L473d
100 1# - ENTRADA PRINCIPAL--NOMBRE DE PERSONA
Nombre de persona Ledesma, Luis
9 (RLIN) 76250
245 10 - MENCIÓN DE TÍTULO
Título Diccionario teatral :
Resto del título semi enciclopédico /
Mención de responsabilidad, etc. Luis Ledesma ; prólogo por Franklin Domínguez ; edición Santiago de la Cruz, Ángela Mena y Juan Luciano Amadís Rodríguez.
246 10 - FORMA VARIANTE DE TÍTULO
Título propio/Titulo breve Diccionario teatral 759 palabras, biografías y expresiones usadas en el lenguaje técnico del teatro.
260 ## - PUBLICACIÓN, DISTRIBUCIÓN, ETC.
Lugar de publicación, distribución, etc. Santo Domingo :
Nombre del editor, distribuidor, etc. Unión de Escritores de Monseñor Nouel (UEMON),
Fecha de publicación, distribución, etc. 2019.
300 ## - DESCRIPCIÓN FÍSICA
Extensión 201 p. :
Otras características físicas il., retrs. ;
Dimensiones 21 cm.
500 ## - NOTA GENERAL
Nota general Incluye datos biográficos del autor en la solapa de la contracubierta
504 ## - NOTA DE BIBLIOGRAFÍA, ETC.
Nota de bibliografía, etc. Bibliografía : p. 198-201
505 0# - NOTA DE CONTENIDO CON FORMATO
Nota de contenido con formato Dedicatoria --
Título Agradecimientos --
-- Comentarios de teatristas sobre esta obra y su autor --
-- Presentación por Lillyanna Díaz --
-- Prólogo por Franklin Domínguez --
-- Diccionario teatral (A-Z) --
-- Dramaturgos Premio Nobel de Literatura --
-- Apéndice del teatro dominicano --
-- Epilogo por Severino Uribe --
590 ## - NOTA LOCAL (RLIN)
Nota local Inventariado, 2019/LP
700 1# - PUNTO DE ACCESO ADICIONAL--NOMBRE DE PERSONA
Nombre de persona Domínguez, Franklin,
Término indicativo de función/relación pról.
9 (RLIN) 26932
700 1# - PUNTO DE ACCESO ADICIONAL--NOMBRE DE PERSONA
Nombre de persona Cruz, Santiago de la,
Fechas asociadas al nombre 1961-
Término indicativo de función/relación ed.
9 (RLIN) 75112
700 1# - PUNTO DE ACCESO ADICIONAL--NOMBRE DE PERSONA
Nombre de persona Mena, Ángela,
Término indicativo de función/relación ed.
9 (RLIN) 76252
700 1# - PUNTO DE ACCESO ADICIONAL--NOMBRE DE PERSONA
Nombre de persona Amadís, Juan Luciano,
Término indicativo de función/relación ed.
9 (RLIN) 43036
Existencias
Estado de retiro Estado de pérdida No para préstamo Código de colección Localización permanente Ubicación/localización actual Ubicación en estantería Fecha de adquisición Número de inventario Total de préstamos Signatura topográfica completa Código de barras Fecha visto por última vez Número de copia Precio válido a partir de Tipo de ítem Koha
    Excluido de préstamo Dominicana de Servicio General General Depósito 12.04.2019 LF1   xxxx L473d 48797-30 25.06.2020 e. 3 25.06.2020 Libro y Folleto Colección Dominicana de Servicio
    Excluido de préstamo Dominicana de Servicio General General Depósito 12.04.2019 LF1   xxxx L473d 48797-40 25.06.2020 e. 4 25.06.2020 Libro y Folleto Colección Dominicana de Servicio
    Excluido de préstamo Patrimonio Dominicano Patrimonio Dominicano Patrimonio Dominicano Depósito 12.04.2019 LF1   xxxx L473d 48797-10 25.06.2020   25.06.2020 Libro y Folleto Colección Patrimonio Dominicano
    Excluido de préstamo Patrimonio Dominicano Patrimonio Dominicano Patrimonio Dominicano Depósito 12.04.2019 LF1   xxxx L473d 48797-20 25.06.2020 e. 2 25.06.2020 Libro y Folleto Colección Patrimonio Dominicano

Con tecnología Koha